El peregrino : (Registro nro. 12683)
[ vista simple ]
| 000 -LIDER | |
|---|---|
| fixed length control field | 00841nam a22002777a 4500 |
| 003 - IDENTIFICACDOR DE NÚMERO DE CONTROL | |
| control field | DO-SdBNP |
| 005 - DATE AND TIME OF LATEST TRANSACTION | |
| control field | 20230314111119.0 |
| 008 - ELEMENTOS DE LONGITUD FIJA | |
| fixed length control field | 171024b 2015 00| 0 spa d |
| 020 ## - ISBN | |
| International Standard Book Number | 9789708103039 |
| 040 ## - FUENTE DE CATALOGACIÓN | |
| Agencia que crea de manera original el registro | BPMSU |
| Idioma de catalogación | spa |
| Agencia que realiza la transcripción | BPMSU |
| 082 #4 - NÚMERO DE CLASIFICACIÓN DECIMAL DE DEWEY | |
| Classification number | 291.446 |
| Item number | C672p 2015 |
| Edition number | 22 |
| 100 1# - ASIENTO PRINCIPAL -- NOMBRE PERSONAL | |
| Nombre personal | Coelho, Paulo |
| Fechas asociadas con el nombre | 1947- |
| 245 13 - MENCIÓN DE TITULO | |
| Título | El peregrino : |
| Subtítulo | diario de un mago / |
| Mención de responsabilidad | Paulo Coelho ; traducción Cristina Hernández Escobar |
| 250 ## - MENCIÓN DE EDICION | |
| Campo enlazado y núm. de secuencia | / |
| 260 ## - PUBLICACIÓN, DISTRIBUCIÓN, ETC. (PIE DE IMPRENTA) | |
| Lugar de publicación, distribución, etc | Barcelona, España : |
| Nombre del editor, distribuidor, etc. | Sant Jordi, |
| Materiales especificados | 2015 |
| 300 ## - DESCRIPCIÓN FÍSICA | |
| Extensión | 251 p. : |
| Otros detalles físicos | map. ; |
| Dimensiones | 18 cm. |
| 490 0# - MENCIÓN DE SERIES | |
| Mención de serie | Debolsillo |
| 500 ## - NOTA GENERAL | |
| Nota general | |
| 586 ## - AWARDS NOTE | |
| Awards note | Best Seller |
| 590 ## - NOTA LOCAL | |
| Texto de la nota local | Inventariado, 2023/VM |
| 650 #4 - ENCABEZAMIENTO DE MATERIA--TEMÁTICO | |
| Término temático o nombre geográfico como elemento de entrada | Peregrinaciones |
| Subdivisión temática general | Relatos personales |
| 650 #4 - ENCABEZAMIENTO DE MATERIA--TEMÁTICO | |
| Término temático o nombre geográfico como elemento de entrada | Espiritualidad |
| 700 1# - ASIENTO SECUNDARIO -- NOMBRE PERSONAL | |
| Nombre personal | Hernández Escobar, Cristina, |
| Mención de responsabilidad | tr. |
| 910 ## - VALIDACIÓN | |
| Validación | BTAVAREZ/VMateo V. Control de calidad (BPMSU) |
| 942 ## - ADDED ENTRY ELEMENTS (KOHA) | |
| Source of classification or shelving scheme | Dewey Decimal Classification |
| Koha item type | Libros |
| Withdrawn status | Lost status | Source of classification or shelving scheme | Damaged status | Not for loan | Collection code | Home library | Current library | Date acquired | Source of acquisition | Cost, normal purchase price | Full call number | Barcode | Date last seen | Price effective from | Koha item type |
|---|---|---|---|---|---|---|---|---|---|---|---|---|---|---|---|
| Dewey Decimal Classification | Colección General | Biblioteca Pública Metropolitana Salomé Ureña | Biblioteca Pública Metropolitana Salomé Ureña | 10/29/2017 | COMPRA | 175.00 | BPMSU CG 291.446 C672p 2015 | BPMSU17100138 | 10/24/2017 | 10/24/2017 | Libros |